| 000 | 00386nam a22001697a 4500 | ||
|---|---|---|---|
| 005 | 20160624095006.0 | ||
| 008 | 160624b xxu||||| |||| 00| 0 eng d | ||
| 020 | _a0-07-099360-2 | ||
| 041 | _aeng | ||
| 082 | _b9674 | ||
| 100 |
_aHurlock, Elizabeth B _92151 |
||
| 245 | _aPersonality Development | ||
| 260 |
_bTMH _c1976 |
||
| 300 | _a443 | ||
| 650 |
_aManagement _9241 |
||
| 942 | _cBK | ||
| 999 |
_c3747 _d3746 |
||